Voluntary standard and certification for environmentally and socially responsible agricultural production and trade. Vol.5

Saved in:
Bibliographic Details
Format: Book
Language:Undetermined
Published: Rome FAO 2004
Subjects:
Tags: Add Tag
No Tags, Be the first to tag this record!
Institutions: Trung tâm Học liệu Trường Đại học Cần Thơ
LEADER 00585nam a2200169Ia 4500
001 CTU_93096
008 210402s9999 xx 000 0 und d
082 |a 338.1 
082 |b V943/Vol.5 
245 0 |a Voluntary standard and certification for environmentally and socially responsible agricultural production and trade. Vol.5 
245 0 |c Pascal Liu, Mikkel Andersen, Catherin Pazderka (prepared) 
260 |a Rome 
260 |b FAO 
260 |c 2004 
650 |a Agriculture,Economic aspects 
904 |i Mai Loan, QHieu 
980 |a Trung tâm Học liệu Trường Đại học Cần Thơ